Globálne strategické aliancie a akvizície

Analýza globálnych aliancií a akvizícií s dôrazom na ich spoločný strategický kontext - obe kategórie sú v súčasnosti kľúčovými nástrojmi udržiavania konkurencieschopnosti globálne operujúcich podnikov. Východiská existencie nadnárodných korporácií. Globálne komparatívne výhody a nevýhody. Globálne...

Ausführliche Beschreibung

Gespeichert in:
Bibliographische Detailangaben
1. Verfasser: Javor, Miroslav
Format: Buchkapitel
Sprache:Slowakisch
Schlagworte:
Tags: Tag hinzufügen
Keine Tags, Fügen Sie das erste Tag hinzu!

MARC

LEADER 00000naa$a2200000$$$4500
001 0038796
005 20231114082032.5
041 0 |a slo 
044 |a CZ 
245 1 0 |a Globálne strategické aliancie a akvizície  |c Miroslav Javor 
520 |a Analýza globálnych aliancií a akvizícií s dôrazom na ich spoločný strategický kontext - obe kategórie sú v súčasnosti kľúčovými nástrojmi udržiavania konkurencieschopnosti globálne operujúcich podnikov. Východiská existencie nadnárodných korporácií. Globálne komparatívne výhody a nevýhody. Globálne strategické aliancie. Globálne strategické akvizície. 
610 2 0 |a aliancie strategické 
610 2 0 |a akvizícia 
610 2 0 |a spoločnosti nadnárodné 
610 2 0 |a globalizácia hospodárstva 
610 2 0 |a výhody komparatívne 
610 2 0 |a stratégia podniková 
100 1 |a Javor, Miroslav